Statistics for Win Totals of last 40 Cy Young Award Winners

Click here to take the quiz!

General Stats

  • This quiz has been taken 12 times
    (8 since last reset)
  • The average score is 16 of 40

Answer Stats

LeagueYearCy Young Award WinnerWin Total% Correct
AL2016Rick Porcello22
100%
AL2015Dallas Keuchel20
100%
AL2017Corey Kluber18
88%
AL2013Max Scherzer21
75%
AL2012David Price20
63%
AL2005Bartolo Colon21
50%
NL2011Clayton Kershaw21
50%
AL1998Roger Clemens20
50%
AL2000Pedro Martinez18
50%
AL2001Roger Clemens20
50%
AL2003Roy Halladay22
50%
AL2011Justin Verlander24
50%
AL2008Cliff Lee22
50%
NL2016Max Scherzer20
38%
NL2010Roy Halladay21
38%
NL2001Randy Johnson21
38%
NL2005Chris Carpenter21
38%
NL2014Clayton Kershaw21
38%
NL2015Jake Arrieta22
38%
AL2006Johan Santana19
38%
AL2007CC Sabathia19
38%
AL1999Pedro Martinez23
38%
AL2002Barry Zito23
38%
NL2008Tim Lincecum18
38%
AL2004Johan Santana20
38%
NL2009Tim Lincecum15
38%
NL2002Randy Johnson24
25%
NL2003Eric Gagne2
25%
NL2004Roger Clemens18
25%
NL2017Max Scherzer16
25%
NL2007Jake Peavy19
25%
NL2012R.A. Dickey20
25%
NL2013Clayton Kershaw16
25%
AL2009Zack Greinke16
25%
AL2010Felix Hernendez13
25%
AL2014Coery Kluber8
25%
NL1998Tom Glavine20
25%
NL2006Brandon Webb16
13%
NL2000Randy Johnson19
13%
NL1999Randy Johnson17
13%

Score Distribution

Percentile by Number Answered

Percent of People with Each Score

Your Score History

You have not taken this quiz since the last reset